Al-qirat-al-quran (Record no. 395273)

MARC details
000 -LEADER
fixed length control field 00719nam a2200277Ia 4500
003 - CONTROL NUMBER IDENTIFIER
control field OSt
005 - DATE AND TIME OF LATEST TRANSACTION
control field 20220924114802.0
008 - FIXED-LENGTH DATA ELEMENTS--GENERAL INFORMATION
fixed length control field 220923b |||||||| |||| 00| 0 ara d
020 ## - INTERNATIONAL STANDARD BOOK NUMBER
International Standard Book Number 90
037 ## - SOURCE OF ACQUISITION
Terms of availability Textual
040 ## - CATALOGING SOURCE
Original cataloging agency ARTS
Transcribing agency ARTS
Language of cataloging ara
041 ## - LANGUAGE CODE
Source of code ara
Language code of text/sound track or separate title ara
100 ## - MAIN ENTRY--PERSONAL NAME
Personal name Shaheen Abdul Saboor Au.
9 (RLIN) 175365
245 #0 - TITLE STATEMENT
Title Al-qirat-al-quran
260 ## - PUBLICATION, DISTRIBUTION, ETC.
Place of publication, distribution, etc. Cairo
Name of publisher, distributor, etc. Dar-al-qam Egypt
Date of publication, distribution, etc. 1966
300 ## - PHYSICAL DESCRIPTION
Extent 469p.
Dimensions cm.
650 ## - SUBJECT ADDED ENTRY--TOPICAL TERM
Topical term or geographic name entry element RELIGION
650 ## - SUBJECT ADDED ENTRY--TOPICAL TERM
Topical term or geographic name entry element ISLAM
9 (RLIN) 577
942 ## - ADDED ENTRY ELEMENTS (KOHA)
Classification part Q7:21(P:1), 28K6
Koha item type Textual
Source of classification or shelving scheme Colon Classification (CC)
Holdings
Withdrawn status Lost status Damaged status Not for loan Home library Current library Date acquired Cost, normal purchase price Total Checkouts Full call number Barcode Date last seen Cost, replacement price Price effective from Koha item type
        Arts Library Arts Library 2022-09-24 90.00   Q7:21(P:1) 28K6 AL0282827 2022-09-24 90.00 2022-09-24 Textual
Copyright @ Delhi University Library System